MARC details
| 000 -CABECERA |
| campo de control de longitud fija |
01678nam a2200289 a 4500 |
| 001 - NÚMERO DE CONTROL |
| campo de control |
000046757 |
| 003 - IDENTIFICADOR DEL NÚMERO DE CONTROL |
| campo de control |
DO-SdBNP |
| 005 - FECHA Y HORA DE LA ÚLTIMA TRANSACCIÓN |
| campo de control |
20220308123016.0 |
| 008 - DATOS DE LONGITUD FIJA--INFORMACIÓN GENERAL |
| campo de control de longitud fija |
180322s2015 dr 000 0 spa d |
| 020 ## - NÚMERO INTERNACIONAL ESTÁNDAR DEL LIBRO |
| Número Internacional Estándar del Libro |
9789945590234 |
| 040 ## - FUENTE DE LA CATALOGACIÓN |
| Centro catalogador/agencia de origen |
DO-SdBNP |
| Lengua de catalogación |
spa |
| Centro/agencia transcriptor |
BNPHU |
| 082 ## - NÚMERO DE LA CLASIFICACIÓN DECIMAL DEWEY |
| Número de clasificación |
337. 93051 |
| Número de documento/Ítem |
R426d |
| 100 1# - ENTRADA PRINCIPAL--NOMBRE DE PERSONA |
| Nombre de persona |
Yuan, Li |
| 9 (RLIN) |
74703 |
| 245 13 - MENCIÓN DE TÍTULO |
| Título |
La República Dominicana y la República Popular China : |
| Resto del título |
intercambio, comercio e inversión / |
| Mención de responsabilidad, etc. |
Yaun Li ; prólogo Natasha Despotovic. |
| 260 ## - PUBLICACIÓN, DISTRIBUCIÓN, ETC. |
| Lugar de publicación, distribución, etc. |
Santo Domingo : |
| Nombre del editor, distribuidor, etc. |
GFDD ; |
| -- |
FUNGLODE, |
| Fecha de publicación, distribución, etc. |
2015. |
| 300 ## - DESCRIPCIÓN FÍSICA |
| Extensión |
46 p. ; |
| Dimensiones |
22 cm. |
| 490 1# - MENCIÓN DE SERIE |
| Mención de serie |
Estudios y reflexiones |
| -- |
economía |
| 500 ## - NOTA GENERAL |
| Nota general |
Esta publicación es el resultado de la participación de la autora en el Programa de Fellows de GFDD/Fnglode septiempbre a diciembre de 2013 |
| 505 0# - NOTA DE CONTENIDO CON FORMATO |
| Nota de contenido con formato |
Prólogo -- |
| Título |
Prefacio -- |
| -- |
Rendimiento económico dominicano -- |
| -- |
Presencia de China en la economía dominicana -- |
| -- |
Comerco bilateral : hechos , desafíos y perspectivas -- |
| -- |
Turismo chino en la República Dominicana : un sueño que aún no se ha cumplico -- |
| -- |
Financiación China de la República Dominicana : Taiwán y la China continental -- |
| -- |
La República Dominicana y Taiwán -- |
| -- |
La República Dominicana y China -- |
| -- |
Los chinos en la economía dominicana : lo bueno y lo malo y lo que cabe esperar. |
| 590 ## - NOTA LOCAL (RLIN) |
| Nota local |
Inventariao, 2018/VM |
| 651 #4 - PUNTO DE ACCESO ADICIONAL DE MATERIA--NOMBRE GEOGRÁFICO |
| Nombre geográfico |
República Dominicana |
| Subdivisión general |
Relaciones económicas exteriores |
| 9 (RLIN) |
8292 |
| 651 #4 - PUNTO DE ACCESO ADICIONAL DE MATERIA--NOMBRE GEOGRÁFICO |
| Nombre geográfico |
China |
| Subdivisión general |
Relaciones Económicas Exteriores |
| 9 (RLIN) |
63739 |
| 651 #4 - PUNTO DE ACCESO ADICIONAL DE MATERIA--NOMBRE GEOGRÁFICO |
| Nombre geográfico |
República Dominicana |
| Subdivisión general |
Relaciones económicas exteriores |
| Subdivisión geográfica |
China |
| 9 (RLIN) |
74704 |
| 700 1# - PUNTO DE ACCESO ADICIONAL--NOMBRE DE PERSONA |
| Nombre de persona |
Natasha Despotovic |
| Término indicativo de función/relación |
pról. |
| 9 (RLIN) |
74705 |
| 830 00 - PUNTO DE ACCESO ADICIONAL DE SERIE-TÍTULO UNIFORME |
| Título uniforme |
Estudios y reflexiones |
| Nombre de parte o sección de la obra |
economía |
| 9 (RLIN) |
74706 |
| 942 ## - ELEMENTOS DE PUNTO DE ACCESO ADICIONAL (KOHA) |
| Fuente del sistema de clasificación o colocación |
Dewey Decimal Classification |
| Tipo de ítem Koha |
Libro |